| 000 | 00583nam a2200181 i 4500 | ||
|---|---|---|---|
| 001 | 99146 | ||
| 003 | ES-MaACL | ||
| 005 | 20250418063152.0 | ||
| 007 | t| | ||
| 008 | 050902s1981 sp ||||1| spa d | ||
| 100 | 1 |
_aMartín Descalzo, José Luis, _d1930-1991 _977470 |
|
| 245 | 1 | 3 |
_aEl verdadero rostro de María Rafols / _cpor José Luis Martín Descalzo. |
| 260 |
_aMadrid : _b[s.n.], _c1981 ( _fImp. Fareso) |
||
| 300 |
_aVIII, 222 p., 8 lám. ; _c19 cm. |
||
| 600 | 1 | 4 |
_aMaría Rafols _cBeata. _9151146 |
| 852 |
_aES-MaACL _jL-1699 _bR.102326 |
||
| 999 |
_c99146 _d99146 |
||